ARRUPE JESUIT UNIVERSITY

CORONAVIRUS -STOP THE SPREAD - CLEAN,DISINFECT,COVER

Plenty good room : (Record no. 119842)

MARC details
000 -LEADER
fixed length control field 01530cam a2200325 a 4500
001 - CONTROL NUMBER
control field 4874344
003 - CONTROL NUMBER IDENTIFIER
control field ARRUPE
005 - DATE AND TIME OF LATEST TRANSACTION
control field 20140131135739.0
008 - FIXED-LENGTH DATA ELEMENTS--GENERAL INFORMATION
fixed length control field 920303s1991 dcua b 000 0 eng
010 ## - LIBRARY OF CONGRESS CONTROL NUMBER
LC control number 92125332
020 ## - INTERNATIONAL STANDARD BOOK NUMBER
International Standard Book Number 155586385X (pbk.)
040 ## - CATALOGING SOURCE
Original cataloging agency DLC
Transcribing agency DLC
043 ## - GEOGRAPHIC AREA CODE
Geographic area code n-us---
050 00 - LIBRARY OF CONGRESS CALL NUMBER
Classification number BX1407.N4
Item number P57 1991
082 00 - DEWEY DECIMAL CLASSIFICATION NUMBER
Classification number 264/.02/008996073
Edition number 20
300 ## - PHYSICAL DESCRIPTION
Other physical details ill. ;
Dimensions 23 cm.
245 00 - TITLE STATEMENT
Title Plenty good room :
Remainder of title the spirit and truth of African American Catholic worship /
Statement of responsibility, etc Secretariat for the Liturgy and Secretariat for Black Catholics, National Conference of Catholic Bishops.
260 ## - PUBLICATION, DISTRIBUTION, ETC. (IMPRINT)
Place of publication, distribution, etc Washington, D.C. :
Name of publisher, distributor, etc United States Catholic Conference,
Date of publication, distribution, etc c1990 [i.e. 1991]
300 ## - PHYSICAL DESCRIPTION
Extent ix, 84 p. :
490 0# - SERIES STATEMENT
Series statement Publication / United States Catholic Conference. Office for Publishing and Promotion Services ;
Volume number/sequential designation no. 385-X
500 ## - GENERAL NOTE
General note Companion document to: In spirit and truth.
504 ## - BIBLIOGRAPHY, ETC. NOTE
Bibliography, etc Includes bibliographical references (p. 73-84).
610 20 - SUBJECT ADDED ENTRY--CORPORATE NAME
Corporate name or jurisdiction name as entry element Catholic Church
General subdivision Liturgy.
9 (RLIN) 7574
650 #0 - SUBJECT ADDED ENTRY--TOPICAL TERM
Topical term or geographic name as entry element African American Catholics
General subdivision Religion.
9 (RLIN) 7575
710 2# - ADDED ENTRY--CORPORATE NAME
Corporate name or jurisdiction name as entry element Catholic Church.
Subordinate unit National Conference of Catholic Bishops.
-- Bishops' Committee on the Liturgy.
-- Secretariat.
9 (RLIN) 7576
710 2# - ADDED ENTRY--CORPORATE NAME
Corporate name or jurisdiction name as entry element Catholic Church.
Subordinate unit National Conference of Catholic Bishops.
-- Secretariat for Black Catholics.
9 (RLIN) 7577
730 0# - ADDED ENTRY--UNIFORM TITLE
Uniform title In spirit and truth.
9 (RLIN) 7578
906 ## - LOCAL DATA ELEMENT F, LDF (RLIN)
a 7
b cbc
c orignew
d 2
e ncip
f 19
g y-gencatlg
942 ## - ADDED ENTRY ELEMENTS (KOHA)
Source of classification or shelving scheme Library of Congress Classification
Koha item type Monograph ( Printed materials)
Holdings
Withdrawn status Lost status Source of classification or shelving scheme Damaged status Not for loan Collection code Home library Current library Shelving location Date acquired Total Checkouts Full call number Barcode Date last seen Price effective from Koha item type
    Library of Congress Classification     Main Collection ARRUPE LIBRARY ARRUPE LIBRARY Main Collection 31/01/2014   BX1407.N4 P57 1991 46412035 22/11/2017 31/01/2014 Monograph ( Printed materials)

 

Arrupe Library. PO Box MP320 Mt Pleasant, Harare, Zimbabwe
263 242 745411|librarian@aju.ac.zw